000 00978cam a22002411i 4500
003 SA-RiAUC
005 20250114150138.0
008 250104s1998 xx g 00010 ara c
020 _a9960652262
040 _aSA-RiAUC
_bara
_cSA-RiAUC
_erda
082 0 4 _a256.5
_qSA-RiAUC
090 _a256.5
_b ش ر ي
100 1 _aالشريف، حسن بن علي بن عون الحارثي .
_eمؤلف.
245 1 0 _aنظام الجزية في الإسلام على ضوء وثائق عهود الصلح في عصر الخلفاء الراشدين 11-40 هـ. / 632-660 م. /
_cحسن بن علي الحارثي الشريف.
264 1 _aالرياض :
_b[الناشر غير محدد]،
_c1998
300 _a94 صفحة ؛
_c24 سم
336 _aنص
_btxt
_2rdacontent
_3كتاب
337 _aبدون وسيط
_bn
_2rdamedia
338 _aمجلد
_bnc
_2rdacarrier
650 7 _aالجزية
_2aucsh
942 _2ddc
_cBOOK
_n0
949 _aSA-JeALM
_d250104
_umohamedma123
_n1
999 _c4798
_d4798